Trouvez le film/série - Statistiques

Statistiques générales
  • Ce quiz a été pris 1 040 fois
  • Le résultat moyen est 8 sur 15
Statistiques - réponses
Par images Réponse % Correct
joker
97%
batman
84%
matrix
78%
top gun
78%
titanic
75%
fast and furious
71%
the walking dead
62%
prison break
60%
james bond
49%
harry potter
45%
la casa de papel
39%
breaking bad
36%
american sniper
20%
le transporteur
17%
suicid squad
9%
Aucun quiz correspondant
Distribution des résultats
% des personnes avec chaque résultat
Percentile par nombre de réponses
Votre historique - résultats
Vous n’avez pas pris ce quiz